000 00696nam a2200193Ia 4500
003 LDD
008 190117s9999 xx 000 0 und d
020 _a8188457302
_c₹200
040 _cLDD
041 _ahi
082 _a8H3.6 प्रे59222भा
100 _aप्रेमचन्द
245 0 _aभारतीय पारिवारिक जीवन की कहानियां
_cप्रेमचन्द
260 _aनई दिल्ली
_bकल्याणी शिक्षा परिषद
_c2012
300 _a144पृ.
901 _aKGP
904 _aReqst by : Satyakam
942 _2ddc
_cH
999 _c164248
_d164248